[Event "Skalica Rapid 2020"]
[Site "Skalica"]
[Date "2020.08.29"]
[Round "5.17"]
[White "Sarmir Milos"]
[Black "Sevcikova Lucia"]
[Result "1-0"]
[WhiteElo "2059"]
[BlackElo "1801"]
[Annotator "TA"]
[PlyCount "107"]
[EventDate "2020.08.29"]
[EventType "swiss"]
[EventCountry "SVK"]
[SourceTitle "playchess.com"]
[Source "ChessBase"]
[SourceQuality "1"]

{[%evp 12,107,19,21,14,1,4,14,24,-1,0,-8,8,6,15,7,29,12,26,18,31,-25,22,27,31,28,31,17,35,30,25,4,28,18,28,13,25,0,0,-12,-12,-22,-11,-17,-14,-21,10,-19,0,-9,12,10,71,16,12,10,118,100,114,100,114,43,63,61,164,177,484,463,479,475,430,420,360,358,351,347,352,346,343,334,477,452,442,430,518,539,498,440,849,811,1496,1465,1425,1424,29985,29986,29993,29994]} 1. e4 e6 2. d4 d5 3. exd5 exd5 4. Nf3 Bd6 5. Bd3 Nc6 6. O-O Nge7 7. c3 Bf5 8. Re1 {[#] Strongly threatening Bxf5.} Bxd3 9. Qxd3 O-O {The position is equal.} 10. Bg5 f6 11. Bh4 Ng6 12. Bg3 Qd7 13. Nbd2 Rfe8 14. Qb5 Nf4 15. Rxe8+ Rxe8 16. Nf1 (16. Bxf4 $14 Bxf4 17. g3 Bxd2 18. Nxd2) 16... Ne2+ (16... Ne5 $5 17. Qxd7 Ne2+ 18. Kh1 Nxg3+ 19. Nxg3 Nxd7 $11) 17. Kh1 Nxg3+ 18. hxg3 Bf8 19. Ne3 Rd8 20. Re1 b6 21. Kg1 Ne7 {[%cal Bc6e7,Be7c8,Bc8d6,Bd6e4][%mdl 32]} 22. Qa6 c6 23. b3 Nc8 24. Qd3 Nd6 25. Nd2 Re8 26. Nc2 Rxe1+ 27. Nxe1 Qe6 28. Nef3 Ne4 29. c4 Bb4 30. Nf1 g5 31. Ne3 Qd7 (31... Bd6 $11 {remains equal.}) 32. Nc2 ({Better is} 32. Nh2 $16) 32... Be7 $11 33. Nd2 $36 {[%mdl 2048] White has some pressure.} Qf5 (33... f5 $11) 34. Nxe4 $16 dxe4 35. Qe2 Qg6 36. d5 (36. g4 $16) 36... cxd5 37. cxd5 f5 {[#] Black is on the road to losing.} (37... Qf5 $1 $14) 38. Qc4 $1 $18 {And now d6+ would win.} Bd6 $2 (38... Qf7 {is more resistant.} 39. Qc8+ Qf8 40. Qe6+ Qf7) 39. Nd4 Qf6 40. Qc8+ {[%mdl 64] Double Attack} Kf7 41. Nxf5 Kg6 42. Ne3 Kf7 43. Qd7+ Qe7 44. Qf5+ Kg7 45. Qc8 {Hoping for Nf5+.} Kg6 (45... Qf6 $142 46. Qd7+ Kg6 47. Qe8+ Kg7 48. Qxe4 Qe5) 46. Qg8+ Kf6 47. g4 Qf7 48. Qh8+ Kg6 49. Nf5 Bf4 (49... Qd7 $142 50. g3 a6) 50. g3 Bd2 51. Qd4 e3 52. fxe3 Bb4 53. Qxb4 Qxd5 54. Ne7+ {[%mdl 64] Double Attack. Accuracy: White = 81%, Black = 57%.} 1-0

[Event "Skalica Rapid 2020"]
[Site "Skalica"]
[Date "2020.08.29"]
[Round "5.18"]
[White "Jablonicky, Frantisek"]
[Black "Gzib, David"]
[Result "1/2-1/2"]
[WhiteElo "2038"]
[BlackElo "1770"]
[Annotator "TA"]
[PlyCount "114"]
[EventDate "2020.08.29"]
[EventType "swiss"]
[EventCountry "SVK"]
[SourceTitle "playchess.com"]
[Source "ChessBase"]
[SourceQuality "1"]

{[%evp 9,114,1,7,4,22,15,33,14,21,3,0,-35,-31,-35,-39,-116,-95,-102,-94,-162,-72,-199,-134,-128,-133,-131,-134,-125,-132,-115,-128,-142,6,-12,-5,-27,0,0,0,0,0,-9,87,7,7,0,0,-9,260,239,269,268,278,273,471,443,537,522,874,829,1413,1338,1232,1172,1706,1659,5604,3266,29961,29963,29955,5724,29974,29974,29980,29981,29981,29982,29983,29984,29984,29985,29984,29982,29982,29981,29981,29975,29974,0,0,0,0,0,0,0,0,0,0,0,0,0,0,0,0,0,0]} 1. g3 Nf6 2. f4 g6 3. Nf3 Bg7 4. Bg2 d6 5. d4 O-O 6. O-O {A02: Bird's Opening.} c5 7. dxc5 dxc5 {[#]} 8. Qxd8 $146 {White is slightly better.} ({Predecessor:} 8. Nc3 Nc6 9. e4 e5 10. Qxd8 Rxd8 11. f5 h6 12. fxg6 fxg6 13. Nh4 Kh7 14. Nd5 Rf8 15. Be3 b6 16. Rad1 Ba6 17. Nxf6+ Bxf6 {½-½ (56) Buecker,S (2345)-Miladinovic,I (2360) Dortmund 1990}) 8... Rxd8 9. Nc3 Nc6 10. a3 Nd4 11. Nxd4 cxd4 12. Na4 (12. Nd1 $15) 12... Rb8 13. e4 b6 $36 {[%mdl 2048] Black has strong initiative.} 14. b3 (14. e5 $17) 14... Bb7 (14... Ng4 $19 {is more deadly. ...d3 is the strong threat.} 15. h3 d3) 15. Re1 (15. e5 $17 Bxg2 16. Kxg2) 15... d3 (15... Rbc8 $19 16. Ra2 b5) 16. cxd3 $17 Rxd3 17. e5 Bxg2 18. Kxg2 Nd5 19. b4 Rc8 20. Ra2 Nc3 ({Better is} 20... e6 $17 21. Rf2 a5) 21. Nxc3 (21. Rc2 {feels hotter.} b5 22. Nc5 Nd5 23. Kf2 e6 24. Rce2) 21... Rcxc3 22. Kf2 e6 23. Re3 Rxe3 24. Bxe3 $11 {[%mdl 4096] Endgame KRB-KRB} Bf8 25. Ke2 a5 (25... Rb3 $11) 26. bxa5 (26. Bxb6 $16 axb4 27. axb4 Bxb4 28. Ra8+ Kg7 29. Bd8) 26... bxa5 27. a4 Bb4 28. Bd2 Rc4 $2 {[%mdl 8192]} (28... Rb3 $1 $11 {and Black is okay.}) 29. Kd3 $18 Rc6 {intending ...Bxd2.} 30. Bxb4 axb4 {[#] KR-KR} 31. Rb2 $1 Rc3+ $2 (31... g5 {might work better.} 32. fxg5 Rc5) 32. Kd4 Ra3 33. Rxb4 Ra2 34. Kc5 Rxh2 35. a5 Ra2 36. Kb6 Rg2 37. Rb3 g5 38. a6 Kg7 39. a7 Ra2 40. Kb7 (40. fxg5 $142 Kg6 41. Rb5 Rxa7 42. Kxa7 Kxg5 43. Kb6 f6 44. exf6+ Kxf6 45. Kc6) 40... gxf4 41. gxf4 f6 42. a8=Q Rxa8 43. Kxa8 fxe5 44. fxe5 {KR-KPP} Kg6 45. Kb7 Kf5 46. Kc6 Kxe5 47. Re3+ Kf5 48. Kd6 h5 49. Rxe6 $2 {KR-KP} (49. Kc5 {mates} Kf4 50. Kd4 h4 51. Kd3 e5 52. Re4+ Kg5 53. Ke2 h3 54. Kf3) 49... h4 $11 {The position is equal.} 50. Rh6 Kg4 51. Ke5 {[#] Threatening mate with Kd4.} h3 52. Ke4 {White threatens Rg6+ and mate.} Kg3 53. Ke3 {White wants to mate with Rg6+.} Kg2 54. Ke2 {Intending Rg6+ and mate.} h2 55. Rg6+ Kh1 56. Rf6 Kg2 57. Rf2+ Kg1 {White used his chance. Accuracy: White = 73%, Black = 34%.} 1/2-1/2

[Event "Skalica Rapid 2020"]
[Site "Skalica"]
[Date "2020.08.29"]
[Round "6.1"]
[White "Samoun Florent"]
[Black "Basso, Pier Luigi"]
[Result "0-1"]
[WhiteElo "2228"]
[BlackElo "2443"]
[Annotator "ChessBase"]
[PlyCount "96"]
[EventDate "2020.08.29"]
[EventType "swiss"]
[EventCountry "SVK"]
[SourceTitle "playchess.com"]
[Source "ChessBase"]
[SourceQuality "1"]
[TimeControl "600+5"]

1. e4 {[%emt 0:00:00]} e5 {[%emt 0:00:00]} 2. Nf3 {[%emt 0:00:00]} Nc6 {[%emt 0:00:00]} 3. Bb5 {[%emt 0:00:02]} a6 {[%emt 0:00:00]} 4. Ba4 {[%emt 0:00:01]} Nf6 {[%emt 0:00:03]} 5. d3 {[%emt 0:00:02]} b5 {[%emt 0:00:01]} 6. Bb3 {[%emt 0:00:02]} Bc5 {[%emt 0:00:02]} 7. c3 {[%emt 0:00:02]} O-O {[%emt 0:00:06]} 8. O-O {[%emt 0:00:03]} Re8 {[%emt 0:00:15]} 9. Nbd2 {[%emt 0:00:06]} d6 {[%emt 0:00:08]} 10. Re1 {[%emt 0:00:09]} h6 {[%emt 0:00:01]} 11. Nf1 {[%emt 0:00:20]} Bb6 {[%emt 0:00:02]} 12. Be3 {[%emt 0:00:19]} Bxe3 {[%emt 0:00:02]} 13. Nxe3 {[%emt 0:00:04]} Ne7 {[%emt 0:00:05]} 14. Bc2 {[%emt 0:00:15]} Ng6 {[%emt 0:00:03]} 15. d4 {[%emt 0:02:39]} exd4 {[%emt 0:00:13]} 16. Nxd4 {[%emt 0:00:03]} Bb7 {[%emt 0:00:36]} 17. f3 {[%emt 0:00:15]} d5 {[%emt 0:00:37]} 18. exd5 {[%emt 0:00:16]} Nf4 {[%emt 0:00:37]} 19. Nc6 {[%emt 0:01:39]} Qd6 {[%emt 0:00:04]} 20. Nf5 {[%emt 0:01:00]} Qc5+ {[%emt 0:00:12]} 21. Qd4 {[%emt 0:00:22]} Qxd4+ {[%emt 0:00:12]} 22. Nfxd4 {[%emt 0:00:07]} N4xd5 {[%emt 0:00:25]} 23. Na5 {[%emt 0:00:28]} Rxe1+ {[%emt 0:00:22]} 24. Rxe1 {[%emt 0:00:02]} Bc8 {[%emt 0:00:02]} 25. c4 {[%emt 0:00:26]} Nb4 {[%emt 0:00:21]} 26. Bb1 {[%emt 0:00:30]} bxc4 {[%emt 0:00:20]} 27. Nxc4 {[%emt 0:00:04]} Bd7 {[%emt 0:00:02]} 28. a3 {[%emt 0:00:21]} Nbd5 {[%emt 0:00:01]} 29. Kf2 {[%emt 0:00:43]} Kf8 {[%emt 0:00:10]} 30. Ne5 {[%emt 0:00:14]} Rb8 {[%emt 0:00:28]} 31. Nxd7+ {[%emt 0:00:14]} Nxd7 {[%emt 0:00:01]} 32. b4 {[%emt 0:00:01]} c5 {[%emt 0:00:15]} 33. bxc5 {[%emt 0:00:09]} Nxc5 {[%emt 0:00:12]} 34. Re5 {[%emt 0:00:26]} Rxb1 {[%emt 0:00:42]} 35. Rxd5 {[%emt 0:00:03]} Rc1 {[%emt 0:00:14]} 36. Nc6 {[%emt 0:01:13]} g6 {[%emt 0:00:15]} 37. Nb4 {[%emt 0:00:12]} Rc3 {[%emt 0:00:05]} 38. Kg3 {[%emt 0:00:09]} a5 {[%emt 0:00:10]} 39. Nc6 {[%emt 0:00:03]} Ne4+ {[%emt 0:00:01]} 40. Kf4 {[%emt 0:00:01]} Nf6 {[%emt 0:00:12]} 41. Rd8+ {[%emt 0:00:01]} Kg7 {[%emt 0:00:02]} 42. Nxa5 {[%emt 0:00:02]} Rxa3 {[%emt 0:00:12]} 43. Nb7 {[%emt 0:00:11]} Ra2 {[%emt 0:00:04]} 44. Kg3 {[%emt 0:00:12]} Nh5+ {[%emt 0:00:02]} 45. Kh3 {[%emt 0:00:01]} Nf4+ {[%emt 0:00:01]} 46. Kg3 {[%emt 0:00:01]} g5 {[%emt 0:00:07]} 47. Kg4 {[%emt 0:00:12]} Kg6 {[%emt 0:00:14]} 48. Rg8+ {[%emt 0:00:08]} Kf6 {[%emt 0:00:02]} 0-1

[Event "Skalica Rapid 2020"]
[Site "Skalica"]
[Date "2020.08.29"]
[Round "6.1"]
[White "Beres, Dominik"]
[Black "Osicka, Premysl"]
[Result "1-0"]
[WhiteElo "1988"]
[BlackElo "1590"]
[Annotator "NA"]
[PlyCount "51"]
[EventDate "2020.08.29"]
[EventType "swiss"]
[EventCountry "SVK"]
[SourceTitle "playchess.com"]
[Source "ChessBase"]
[SourceQuality "1"]
[TimeControl "600+5"]

1. e4 {[%emt 0:00:00]} c5 {[%emt 0:00:00]} 2. Nf3 {[%emt 0:00:04]} Nc6 {[%emt 0:00:00]} 3. c3 {[%emt 0:00:04]} e6 {[%emt 0:00:00]} 4. d4 {[%emt 0:00:02]} d5 {[%emt 0:00:00]} 5. e5 {[%emt 0:00:07]} Qb6 {[%emt 0:00:13]} 6. Bd3 {[%emt 0:00:07]} Bd7 {[%emt 0:00:09]} 7. Bc2 {[%emt 0:00:07]} Rc8 {[%emt 0:00:31]} 8. O-O {[%emt 0:00:11]} cxd4 {[%emt 0:00:23]} 9. cxd4 {[%emt 0:00:05]} Nge7 {[%emt 0:00:02]} 10. Nc3 {[%emt 0:00:11]} Nb4 {[%emt 0:00:13]} 11. Bb1 {[%emt 0:00:24]} Ng6 {[%emt 0:00:47]} 12. h4 {[%emt 0:00:26]} Be7 {[%emt 0:00:38]} 13. h5 {[%emt 0:00:35]} Nf8 {[%emt 0:00:02]} 14. h6 {[%emt 0:00:27]} gxh6 {[%emt 0:01:29]} 15. Bxh6 {[%emt 0:00:13]} Kd8 {[%emt 0:00:06]} 16. Bg5 {[%emt 0:00:23]} h6 {[%emt 0:02:04]} 17. Bxe7+ {[%emt 0:00:15]} Kxe7 {[%emt 0:00:01]} 18. a3 {[%emt 0:00:06]} Nc6 {[%emt 0:00:04]} 19. Na4 {[%emt 0:00:28]} Qd8 {[%emt 0:00:30]} 20. Nc5 {[%emt 0:00:09]} Ng6 {[%emt 0:00:17]} 21. Nxb7 {[%emt 0:00:07]} Qg8 {[%emt 0:00:01]} 22. Bxg6 {[%emt 0:00:25]} Qxg6 {[%emt 0:00:02]} 23. Nh4 {[%emt 0:00:28]} Qe4 {[%emt 0:00:11]} 24. Qh5 {[%emt 0:00:34]} Rcg8 {[%emt 0:00:32]} 25. Nd6 {[%emt 0:00:06]} Be8 {[%emt 0:00:16]} 26. Nxe4 {[%emt 0:00:04]} 1-0

[Event "Skalica Rapid 2020"]
[Site "Skalica"]
[Date "2020.08.29"]
[Round "6.2"]
[White "Grieve, Harry"]
[Black "Pechac, Jergus"]
[Result "1-0"]
[WhiteElo "1887"]
[BlackElo "2430"]
[Annotator "ChessBase"]
[PlyCount "85"]
[EventDate "2020.08.29"]
[EventType "swiss"]
[EventCountry "SVK"]
[SourceTitle "playchess.com"]
[Source "ChessBase"]
[SourceQuality "1"]
[TimeControl "600+5"]

1. d4 {[%emt 0:00:00]} d5 {[%emt 0:00:00]} 2. Bg5 {[%emt 0:00:02]} f6 {[%emt 0:00:00]} 3. Bh4 {[%emt 0:00:13]} Nh6 {[%emt 0:00:01]} 4. e3 {[%emt 0:00:02]} c5 {[%emt 0:00:15]} 5. dxc5 {[%emt 0:00:28]} e5 {[%emt 0:00:46]} 6. Nc3 {[%emt 0:01:31]} Be6 {[%emt 0:00:01]} 7. Nf3 {[%emt 0:00:07]} Nc6 {[%emt 0:00:07]} 8. Bb5 {[%emt 0:00:18]} Qa5 {[%emt 0:00:52]} 9. a3 {[%emt 0:00:34]} Rd8 {[%emt 0:01:56]} 10. b4 {[%emt 0:00:21]} Qc7 {[%emt 0:00:01]} 11. Bg3 {[%emt 0:00:28]} Be7 {[%emt 0:00:10]} 12. Nd4 {[%emt 0:00:50]} Bf7 {[%emt 0:00:17]} 13. O-O {[%emt 0:00:56]} O-O {[%emt 0:00:02]} 14. Ba4 {[%emt 0:00:19]} a6 {[%emt 0:00:10]} 15. Qe2 {[%emt 0:00:17]} Qc8 {[%emt 0:00:19]} 16. Nxc6 {[%emt 0:00:15]} bxc6 {[%emt 0:00:02]} 17. e4 {[%emt 0:00:12]} d4 {[%emt 0:00:48]} 18. Nb1 {[%emt 0:00:04]} Kh8 {[%emt 0:00:47]} 19. Nd2 {[%emt 0:00:01]} a5 {[%emt 0:00:57]} 20. Bb3 {[%emt 0:00:29]} Bxb3 {[%emt 0:00:35]} 21. Nxb3 {[%emt 0:00:02]} axb4 {[%emt 0:00:01]} 22. axb4 {[%emt 0:00:01]} Qe6 {[%emt 0:00:02]} 23. Ra6 {[%emt 0:00:32]} d3 {[%emt 0:00:03]} 24. Qd2 {[%emt 0:01:12]} Qc4 {[%emt 0:00:01]} 25. Ra2 {[%emt 0:00:12]} Qxe4 {[%emt 0:00:21]} 26. c3 {[%emt 0:01:24]} Qd5 {[%emt 0:01:01]} 27. Na5 {[%emt 0:00:27]} e4 {[%emt 0:00:11]} 28. Nb7 {[%emt 0:00:40]} Ra8 {[%emt 0:00:07]} 29. Rfa1 {[%emt 0:00:08]} Rxa2 {[%emt 0:00:04]} 30. Qxa2 {[%emt 0:00:05]} Qxa2 {[%emt 0:01:06]} 31. Rxa2 {[%emt 0:00:00]} f5 {[%emt 0:00:00]} 32. Bd6 {[%emt 0:00:12]} Ng8 {[%emt 0:00:08]} 33. Na5 {[%emt 0:00:08]} f4 {[%emt 0:00:05]} 34. Nxc6 {[%emt 0:00:02]} e3 {[%emt 0:00:06]} 35. Kf1 {[%emt 0:00:09]} Bxd6 {[%emt 0:00:33]} 36. cxd6 {[%emt 0:00:01]} Nf6 {[%emt 0:00:01]} 37. Ne5 {[%emt 0:00:08]} d2 {[%emt 0:00:12]} 38. Ke2 {[%emt 0:00:14]} Ne4 {[%emt 0:00:02]} 39. Ra1 {[%emt 0:00:05]} Nxc3+ {[%emt 0:00:52]} 40. Kd3 {[%emt 0:00:00]} Na2 {[%emt 0:00:11]} 41. fxe3 {[%emt 0:00:07]} fxe3 {[%emt 0:00:01]} 42. Kxe3 {[%emt 0:00:02]} Rf6 {[%emt 0:00:10]} 43. d7 {[%emt 0:00:10]} 1-0

[Event "Skalica Rapid 2020"]
[Site "Skalica"]
[Date "2020.08.29"]
[Round "6.2"]
[White "Cedzo, Adam"]
[Black "Stevik, Patrik"]
[Result "0-1"]
[WhiteElo "1585"]
[BlackElo "1895"]
[Annotator "NA"]
[PlyCount "27"]
[EventDate "2020.08.29"]
[EventType "swiss"]
[EventCountry "SVK"]
[SourceTitle "playchess.com"]
[Source "ChessBase"]
[SourceQuality "1"]
[TimeControl "600+5"]

1. Nf3 {[%emt 0:00:00]} Nc6 {[%emt 0:00:00]} 2. Nd4 Ne5 3. Nc3 {[%emt 0:00:00]} Nc4 {[%emt 0:00:00]} 4. Nf5 {[%emt 0:00:13]} Nb6 {[%emt 0:00:00]} 5. Ng3 {[%emt 0:00:24]} Nf6 {[%emt 0:00:00]} 6. Nge4 {[%emt 0:00:17]} Ng4 {[%emt 0:00:01]} 7. Nc5 {[%emt 0:00:04]} Ne5 {[%emt 0:00:02]} 8. Nd3 {[%emt 0:00:36]} Nc6 {[%emt 0:00:03]} 9. Nf4 {[%emt 0:00:43]} Nc4 {[%emt 0:00:19]} 10. Nd3 {[%emt 0:00:16]} Nd6 {[%emt 0:00:02]} 11. Nf4 {[%emt 0:00:28]} Nf5 {[%emt 0:00:01]} 12. Nh3 {[%emt 0:00:05]} Nh6 {[%emt 0:00:02]} 13. Ng1 {[%emt 0:00:02]} Ng8 {[%emt 0:00:01]} 14. Nb1 {[%emt 0:00:01]} 0-1

[Event "Skalica Rapid 2020"]
[Site "Skalica"]
[Date "2020.08.29"]
[Round "6.3"]
[White "Yankelevich, Lev"]
[Black "Krupa Miroslav"]
[Result "1-0"]
[WhiteElo "2388"]
[BlackElo "1816"]
[Annotator "ChessBase"]
[PlyCount "85"]
[EventDate "2020.08.29"]
[EventType "swiss"]
[EventCountry "SVK"]
[SourceTitle "playchess.com"]
[Source "ChessBase"]
[SourceQuality "1"]
[TimeControl "600+5"]

1. Nf3 {[%emt 0:00:00]} Nf6 {[%emt 0:00:00]} 2. c4 {[%emt 0:00:01]} e6 {[%emt 0:00:06]} 3. Nc3 {[%emt 0:00:08]} d5 {[%emt 0:00:02]} 4. d4 {[%emt 0:00:01]} Be7 {[%emt 0:00:04]} 5. g3 {[%emt 0:00:14]} O-O {[%emt 0:00:09]} 6. Bg2 {[%emt 0:00:02]} c6 {[%emt 0:00:23]} 7. Nd2 {[%emt 0:00:13]} b6 {[%emt 0:00:18]} 8. O-O {[%emt 0:00:03]} Bb7 {[%emt 0:00:02]} 9. e4 {[%emt 0:00:05]} dxe4 {[%emt 0:00:11]} 10. Ndxe4 {[%emt 0:00:03]} Nbd7 {[%emt 0:00:23]} 11. Qa4 {[%emt 0:00:30]} Nxe4 {[%emt 0:00:38]} 12. Nxe4 {[%emt 0:00:03]} Nf6 {[%emt 0:00:04]} 13. Be3 {[%emt 0:00:03]} Qd7 {[%emt 0:00:29]} 14. Rfd1 {[%emt 0:00:18]} Rfd8 {[%emt 0:00:13]} 15. Nc3 {[%emt 0:00:24]} c5 {[%emt 0:03:26]} 16. dxc5 {[%emt 0:00:04]} Qxa4 {[%emt 0:00:06]} 17. Nxa4 {[%emt 0:00:02]} Bxg2 {[%emt 0:00:05]} 18. Kxg2 {[%emt 0:00:01]} bxc5 {[%emt 0:00:07]} 19. Bxc5 {[%emt 0:00:27]} Bxc5 {[%emt 0:00:02]} 20. Nxc5 {[%emt 0:00:01]} Rdc8 {[%emt 0:00:10]} 21. b4 {[%emt 0:00:02]} a5 {[%emt 0:00:19]} 22. a3 {[%emt 0:00:01]} Rab8 {[%emt 0:00:40]} 23. Rab1 {[%emt 0:00:02]} Kf8 {[%emt 0:00:16]} 24. Rdc1 {[%emt 0:00:20]} axb4 {[%emt 0:00:31]} 25. axb4 {[%emt 0:00:01]} Ke7 {[%emt 0:00:01]} 26. Na6 {[%emt 0:00:04]} Rb6 {[%emt 0:00:19]} 27. b5 {[%emt 0:00:03]} Ne4 {[%emt 0:00:34]} 28. c5 {[%emt 0:00:03]} Rb7 {[%emt 0:00:01]} 29. f3 {[%emt 0:01:10]} Nf6 {[%emt 0:00:25]} 30. Nb4 {[%emt 0:00:25]} Nd5 {[%emt 0:00:26]} 31. Nc6+ {[%emt 0:01:25]} Ke8 {[%emt 0:00:26]} 32. Ne5 {[%emt 0:00:40]} Ke7 {[%emt 0:00:48]} 33. Nc6+ {[%emt 0:00:10]} Ke8 {[%emt 0:00:02]} 34. Na5 {[%emt 0:00:01]} Ra7 {[%emt 0:00:23]} 35. Nc4 {[%emt 0:00:01]} Ke7 {[%emt 0:00:06]} 36. Ne5 {[%emt 0:00:52]} Rb7 {[%emt 0:00:10]} 37. Kh3 {[%emt 0:00:20]} f6 {[%emt 0:00:14]} 38. Nc6+ {[%emt 0:00:01]} Ke8 {[%emt 0:00:06]} 39. Na5 {[%emt 0:00:51]} Ra7 {[%emt 0:00:06]} 40. Nc4 {[%emt 0:00:01]} Ke7 {[%emt 0:00:01]} 41. b6 {[%emt 0:00:06]} Rb7 {[%emt 0:00:11]} 42. Rb5 {[%emt 0:00:24]} Ke8 {[%emt 0:00:17]} 43. Nd6+ {[%emt 0:00:02]} 1-0

[Event "Skalica Rapid 2020"]
[Site "Skalica"]
[Date "2020.08.29"]
[Round "6.3"]
[White "Sevcikova, Lucia"]
[Black "Pekar, Matus"]
[Result "1-0"]
[WhiteElo "1801"]
[BlackElo "1575"]
[Annotator "NA"]
[PlyCount "69"]
[EventDate "2020.08.29"]
[EventType "swiss"]
[EventCountry "SVK"]
[SourceTitle "playchess.com"]
[Source "ChessBase"]
[SourceQuality "1"]
[TimeControl "600+5"]

1. e4 {[%emt 0:00:00]} d6 {[%emt 0:00:00]} 2. d4 {[%emt 0:00:00]} g6 {[%emt 0:00:00]} 3. Nf3 {[%emt 0:00:01]} Nf6 {[%emt 0:00:00]} 4. Nc3 {[%emt 0:00:02]} Bg7 {[%emt 0:00:02]} 5. Be3 {[%emt 0:00:04]} O-O {[%emt 0:00:09]} 6. Be2 {[%emt 0:00:03]} c6 {[%emt 0:00:13]} 7. a4 {[%emt 0:00:02]} Nbd7 {[%emt 0:00:11]} 8. O-O {[%emt 0:00:10]} e5 {[%emt 0:00:09]} 9. Qd2 {[%emt 0:00:13]} Re8 {[%emt 0:00:27]} 10. Bc4 {[%emt 0:00:31]} exd4 {[%emt 0:00:32]} 11. Bxd4 {[%emt 0:00:02]} Nxe4 {[%emt 0:01:43]} 12. Nxe4 Rxe4 {[%emt 0:00:03]} 13. Bxf7+ {[%emt 0:01:03]} Kf8 {[%emt 0:00:43]} 14. Bxg7+ {[%emt 0:00:13]} Kxg7 {[%emt 0:00:10]} 15. Bb3 {[%emt 0:00:10]} Nf6 {[%emt 0:00:25]} 16. Ng5 {[%emt 0:00:14]} Re7 {[%emt 0:01:21]} 17. Rfe1 {[%emt 0:00:13]} d5 {[%emt 0:00:17]} 18. Rxe7+ {[%emt 0:00:40]} Qxe7 {[%emt 0:00:03]} 19. Re1 {[%emt 0:00:00]} Qd6 {[%emt 0:00:13]} 20. Qe3 {[%emt 0:00:25]} Rb8 {[%emt 0:01:59]} 21. Qe7+ {[%emt 0:00:12]} Qxe7 {[%emt 0:00:02]} 22. Rxe7+ {[%emt 0:00:01]} Kh6 {[%emt 0:00:01]} 23. Nf7+ {[%emt 0:00:08]} Kh5 {[%emt 0:00:09]} 24. Nd6 {[%emt 0:00:08]} a6 {[%emt 0:00:38]} 25. Nxc8 {[%emt 0:00:23]} Rxc8 {[%emt 0:00:01]} 26. Rxb7 {[%emt 0:00:02]} c5 {[%emt 0:00:12]} 27. c3 {[%emt 0:00:21]} Rc6 {[%emt 0:00:04]} 28. f3 {[%emt 0:00:09]} h6 {[%emt 0:00:15]} 29. Re7 {[%emt 0:00:21]} Rd6 {[%emt 0:00:50]} 30. Re5+ {[%emt 0:00:10]} Kh4 {[%emt 0:00:09]} 31. g3+ {[%emt 0:00:21]} Kh3 {[%emt 0:00:04]} 32. Bd1 {[%emt 0:00:03]} Ne4 {[%emt 0:00:49]} 33. fxe4 {[%emt 0:00:13]} dxe4 {[%emt 0:00:02]} 34. Be2 {[%emt 0:00:06]} Rd2 {[%emt 0:00:09]} 35. Rxe4 {[%emt 0:00:04]} 1-0

[Event "Skalica Rapid 2020"]
[Site "Skalica"]
[Date "2020.08.29"]
[Round "6.4"]
[White "Manik Mikulas"]
[Black "Cajka Tibor"]
[Result "1-0"]
[WhiteElo "2313"]
[BlackElo "2116"]
[Annotator "ChessBase"]
[PlyCount "87"]
[EventDate "2020.08.29"]
[EventType "swiss"]
[EventCountry "SVK"]
[SourceTitle "playchess.com"]
[Source "ChessBase"]
[SourceQuality "1"]
[TimeControl "600+5"]

1. e4 {[%emt 0:00:00]} c5 {[%emt 0:00:00]} 2. Nf3 {[%emt 0:00:00]} a6 {[%emt 0:00:00]} 3. Nc3 {[%emt 0:00:02]} e6 {[%emt 0:00:00]} 4. d4 {[%emt 0:00:01]} cxd4 {[%emt 0:00:01]} 5. Nxd4 {[%emt 0:00:06]} Nc6 {[%emt 0:00:02]} 6. Nxc6 {[%emt 0:00:00]} bxc6 {[%emt 0:00:15]} 7. Bd3 {[%emt 0:00:00]} d5 {[%emt 0:00:13]} 8. Qe2 {[%emt 0:00:02]} Bb4 {[%emt 0:00:39]} 9. O-O {[%emt 0:00:06]} Ne7 {[%emt 0:00:08]} 10. exd5 {[%emt 0:00:34]} exd5 {[%emt 0:00:34]} 11. Qh5 {[%emt 0:00:07]} Be6 {[%emt 0:00:34]} 12. Re1 {[%emt 0:00:32]} Qd7 {[%emt 0:00:45]} 13. a3 {[%emt 0:00:39]} Bd6 {[%emt 0:00:06]} 14. Bg5 {[%emt 0:00:19]} a5 {[%emt 0:01:08]} 15. h3 {[%emt 0:00:34]} Rb8 {[%emt 0:00:10]} 16. Rab1 {[%emt 0:00:03]} h6 {[%emt 0:00:26]} 17. Ne2 {[%emt 0:00:17]} g6 {[%emt 0:00:51]} 18. Qh4 {[%emt 0:00:05]} Be5 {[%emt 0:00:51]} 19. Bd2 {[%emt 0:00:42]} Rxb2 {[%emt 0:00:25]} 20. Rxb2 {[%emt 0:00:21]} Bxb2 {[%emt 0:00:02]} 21. Rb1 {[%emt 0:00:04]} Be5 {[%emt 0:00:17]} 22. Bxa5 {[%emt 0:00:07]} Nf5 {[%emt 0:00:37]} 23. Bxf5 {[%emt 0:00:09]} Bxf5 {[%emt 0:00:05]} 24. Bc3 {[%emt 0:00:36]} g5 {[%emt 0:00:27]} 25. Qh5 {[%emt 0:00:25]} Qd6 {[%emt 0:00:37]} 26. Ng3 {[%emt 0:01:49]} Bg6 {[%emt 0:00:54]} 27. Qe2 {[%emt 0:00:11]} f6 {[%emt 0:00:06]} 28. Re1 {[%emt 0:00:14]} Kf7 {[%emt 0:00:10]} 29. Bxe5 {[%emt 0:00:11]} fxe5 {[%emt 0:00:01]} 30. Qf3+ {[%emt 0:00:09]} Qf6 {[%emt 0:00:06]} 31. Qc3 {[%emt 0:00:03]} Re8 {[%emt 0:00:11]} 32. a4 {[%emt 0:00:03]} Qd6 {[%emt 0:00:32]} 33. a5 {[%emt 0:00:07]} d4 {[%emt 0:00:12]} 34. Qf3+ {[%emt 0:00:02]} Kg7 {[%emt 0:00:04]} 35. Nf5+ {[%emt 0:00:05]} Bxf5 {[%emt 0:00:03]} 36. Qxf5 {[%emt 0:00:02]} c5 {[%emt 0:00:10]} 37. Rb1 {[%emt 0:00:09]} Rb8 {[%emt 0:00:24]} 38. Rxb8 {[%emt 0:00:08]} Qxb8 {[%emt 0:00:01]} 39. Qd7+ {[%emt 0:00:01]} Kg8 {[%emt 0:00:04]} 40. a6 {[%emt 0:00:04]} Qb1+ {[%emt 0:00:42]} 41. Kh2 {[%emt 0:00:01]} Qc1 {[%emt 0:00:01]} 42. Qe6+ {[%emt 0:00:05]} Kh7 {[%emt 0:00:00]} 43. Qf7+ {[%emt 0:00:05]} Kh8 {[%emt 0:00:02]} 44. a7 {[%emt 0:00:01]} 1-0